Loading...
Jeevan pushp/
| Main Author: | |
|---|---|
| Format: | Printed Book |
| Published: |
Lucknow:
Govind Prakashan,
1991.
|
| LEADER | 00350nam a22001097a 4500 | ||
|---|---|---|---|
| 100 | |a Vijay Kumar Savita | ||
| 245 | |a Jeevan pushp/ |c Vijay Kumar Savita | ||
| 260 | |a Lucknow: |b Govind Prakashan, |c 1991. | ||
| 300 | |a 120p. | ||
| 942 | |2 ddc |c BK | ||
| 999 | |c 246313 |d 246313 | ||
| 952 | |0 0 |1 0 |4 0 |7 0 |9 273417 |a HIN |b HIN |c S-27 |d 2012-10-06 |i 14487 |l 0 |p HIN14487 |r 2014-02-07 |w 2014-02-07 |y BK | ||